Relatos de la selva ecuatoriana: historias de Che-Ché, el pájaro vigía

Tallennettuna:
Bibliografiset tiedot
Päätekijä: Sotomayor Navas, Gonzalo (Tekijä)
Aineistotyyppi: Kirja
Kieli:espanja
Julkaistu: Guayaquil Universidad de Guayaquil 1990
Aiheet:
Tagit: Lisää tagi
Ei tageja, Lisää ensimmäinen tagi!

MARC

LEADER 00000nam a2200000 a 4500
001 UCV3878
003 CL-VaPUC
008 910626e19900000EC |||||||||||||||||spa|d
082 0 4 |a 591.5  |b SOT  |2 21 
100 0 |a Sotomayor Navas, Gonzalo  |e author  |9 298285 
245 1 0 |a Relatos de la selva ecuatoriana: historias de Che-Ché, el pájaro vigía 
300 |a 132 p 
942 |c BK 
945 |d 19910626 00:00:00 
260 |a Guayaquil  |b Universidad de Guayaquil  |c 1990 
650 7 |a AVES CONDUCTA  |2 CL-VaPUC  |9 260025 
650 7 |a CONDUCTA ANIMAL  |2 CL-VaPUC  |9 260026 
583 |a last modification  |c 19910626 00:00:00  |k Rodrigo Vera 
999 |c 210991  |d 210989 
952 |0 0  |1 0  |2 ddc  |4 0  |6 591_500000000000000_SOT_1990  |7 0  |8 CCM  |9 188192  |a BIBCUR  |b BIBCUR  |c PAC  |d 2019-11-14  |i 2556561  |o 591.5 SOT 1990  |p 2556561  |r 2025-04-22  |w 2019-11-14  |y BK  |k CIM